[Event "AUTO-OPEN-1400"]
[Site "http://www.queenalice.com/game.php?id=521558"]
[Date "2009.1.13"]
[Round "1"]
[White "welschren"]
[Black "m34okbt"]
[Result "1-0"]
[WhiteElo "1357"]
[BlackElo "1314"]

1. e4 e5 2. Nf3 d6 3. d4 exd4 4. Qxd4 Nc6 5. Qd1 Bg4 6. Be2 Qe7 7. Nc3 O-O-O 8.
O-O Nf6 9. Bd3 d5 10. Re1 d4 11. Nd5 Qe6 12. Nf4 Qe8 13. h3 Bxf3 14. Qxf3 g5 15.
Nd5 Nd7 16. Bxg5 Ne7 17. e5 Rg8 18. Bh4 Rg7 19. e6 fxe6 20. Rxe6 c6 21. Nxe7+
Bxe7 22. Rae1 Rf7 23. Qg4 Nf6 24. Bxf6 Kd7 25. Bc4 Kc7 26. Bxe7 Rxe7 27. Rxe7+
1-0

[Event "AUTO-BEG-282"]
[Site "http://www.queenalice.com/game.php?id=521844"]
[Date "2009.1.13"]
[Round "1"]
[White "REIDID93"]
[Black "m34okbt"]
[Result "1-0"]
[WhiteElo "1620"]
[BlackElo "1430"]

1. d4 d5 2. c4 c6 3. Nc3 Be6 4. cxd5 cxd5 5. Nf3 g6 6. Bf4 Bg7 7. e4 dxe4 8. Ne5
Nf6 9. Bb5+ Nbd7 10. Qa4 a6 11. Bxd7+ Bxd7 12. Qc2 O-O 13. Nxe4 Rc8 14. Qd3 Bb5
15. Qh3 Nxe4 16. Rd1 1-0

[Event "AUTO-BEG-282"]
[Site "http://www.queenalice.com/game.php?id=521845"]
[Date "2009.1.13"]
[Round "1"]
[White "m34okbt"]
[Black "REIDID93"]
[Result "0-1"]
[WhiteElo "1439"]
[BlackElo "1611"]

1. e4 c5 2. Nf3 a6 3. Nc3 e6 4. Bd3 Nc6 5. O-O Qc7 6. b3 Nf6 7. Bb2 b6 8. a4 Bb7
9. Qe2 Be7 10. Bc4 Nb4 11. Rac1 d5 12. exd5 Nbxd5 13. Ne5 O-O 14. h3 Nf4 15. Qe3
Nxg2 0-1

[Event "AUTO-BEG-282"]
[Site "http://www.queenalice.com/game.php?id=521862"]
[Date "2009.1.13"]
[Round "1"]
[White "m34okbt"]
[Black "yugioh1"]
[Result "0-1"]
[WhiteElo "1359"]
[BlackElo "1445"]

1. e4 e5 2. Nf3 Nc6 3. Nc3 Nf6 4. Bb5 Be7 5. O-O O-O 6. Bxc6 dxc6 7. Nxe5 Bd6 8.
Nf3 Bg4 9. d3 Bxf3 10. Qxf3 Re8 11. Re1 Re5 0-1

[Event "AUTO-INT-1169"]
[Site "http://www.queenalice.com/game.php?id=522194"]
[Date "2009.1.14"]
[Round "1"]
[White "avieytoa"]
[Black "m34okbt"]
[Result "1-0"]
[WhiteElo "1477"]
[BlackElo "1385"]

1. e4 e5 2. Nf3 d6 3. Bc4 Bg4 4. d3 Nc6 5. h3 Bxf3 6. Qxf3 Qe7 7. Nc3 O-O-O 8.
Nd5 Qd7 9. Bg5 Re8 10. O-O-O Nd4 11. Qe3 c6 12. Nb4 f6 13. Bh4 c5 14. Nd5 Qa4
15. Bb3 Nxb3+ 16. cxb3 Qxa2 17. Kc2 Qa5 18. Qd2 Qxd2+ 19. Rxd2 Ne7 20. Nxe7+
Rxe7 21. Ra1 1-0

[Event "AUTO-INT-1169"]
[Site "http://www.queenalice.com/game.php?id=522195"]
[Date "2009.1.14"]
[Round "1"]
[White "m34okbt"]
[Black "avieytoa"]
[Result "0-1"]
[WhiteElo "1398"]
[BlackElo "1464"]

1. e4 e5 2. Nf3 Nc6 3. Nc3 Bb4 4. Bb5 Nf6 5. Bxc6 Bxc3 6. dxc3 bxc6 7. Qe2 h6 8.
Nxe5 d6 9. Nf3 O-O 10. O-O Bg4 11. c4 Re8 12. Qd3 Nxe4 13. Re1 Nc5 14. Qd2 Ne4
15. Qf4 Bxf3 16. Qxf3 Ng5 17. Qc3 Rxe1+ 18. Qxe1 Qf6 0-1

[Event "AUTO-INT-1169"]
[Site "http://www.queenalice.com/game.php?id=522200"]
[Date "2009.1.14"]
[Round "1"]
[White "Kuroi"]
[Black "m34okbt"]
[Result "1/2-1/2"]
[WhiteElo "1662"]
[BlackElo "1430"]

1. e4 e5 2. Nf3 d6 3. Nc3 Nc6 4. Bc4 Bg4 5. h3 Bxf3 6. Qxf3 Nh6 7. d4 Qd7 8. Nb5
a6 9. Nc3 Nxd4 10. Qd3 b5 11. Bd5 c6 12. Bb3 c5 13. Nd5 c4 14. Qg3 cxb3 15. Nb6
Qb7 16. Nxa8 Nxc2+ 17. Ke2 Nxa1 18. Bxh6 gxh6 19. Rxa1 bxa2 20. Rxa2 Qxa8 21.
Qd3 Qc8 22. b4 Qc4 23. Rxa6 Qxd3+ 24. Kxd3 Ke7 25. Rb6 Ke6 26. Rxb5 Be7 27. g4
Rd8 28. Rb7 Rd7 29. Rb6 Bd8 30. Ra6 Rb7 31. Kc4 Rb6 32. b5 Kd7 33. Ra7+ Bc7 34.
f3 f6 35. h4 Kd8 36. Kd5 Kd7 37. Kc4 Kd8 38. Kd3 Rxb5 39. Ra8+ Ke7 40. Ra7 Kd7
41. Kc4 Rc5+ 42. Kd3 d5 43. Ra8 dxe4+ 44. Kxe4 Ke6 45. Rh8 Rc4+ 46. Ke3 Rf4 47.
Rxh7 Bd6 48. Rxh6 e4 49. g5 Rxf3+ 50. Kxe4 Rf4+ 51. Ke3 Rf5 52. g6 Bf8 53. Rh7
Re5+ 54. Kf3 f5 55. h5 Kf6 56. Kf4 Re4+ 57. Kf3 Kg5 58. Rh8 Bh6 59. g7 Bxg7 60.
Rg8 Re7 61. Ra8 Kxh5 62. Ra5 Rf7 63. Kf4 Bh6+ 64. Ke5 Bg5 65. Ra2 f4 66. Ke4 f3
67. Rf2 Bh4 68. Rxf3 Rxf3 69. Kxf3 Kg5 70. Ke4 Kf6 71. Kd5 Kf5 72. Kd6 1/2-1/2

[Event "AUTO-INT-1169"]
[Site "http://www.queenalice.com/game.php?id=522201"]
[Date "2009.1.14"]
[Round "1"]
[White "m34okbt"]
[Black "Kuroi"]
[Result "1/2-1/2"]
[WhiteElo "1420"]
[BlackElo "1672"]

1. e4 e5 2. Nf3 Nc6 3. Nc3 Nf6 4. Bb5 Bc5 5. O-O Nd4 6. Be2 d6 7. d3 Bg4 8. Bg5
h6 9. Bxf6 Qxf6 10. Nd5 Qd8 11. Nxd4 Bxd4 12. Bxg4 Bxb2 13. Rb1 Bc3 14. Rxb7 Ba5
15. Rb3 O-O 16. Qc1 c6 17. Ne3 Bb6 18. c3 a5 19. a4 Bc5 20. d4 exd4 21. cxd4
Bxd4 22. Qxc6 Ra7 23. Nc4 Rc7 24. Qxd6 Rxc4 25. Qxd8 Rxd8 26. Rd3 Rxa4 27. Rfd1
Kh7 28. e5 Ba1 29. Rxd8 Bxe5 30. f3 Bf6 31. R1d6 Bxd8 32. Rxd8 Ra1+ 33. Kf2 a4
34. Ra8 a3 35. Bf5+ g6 36. Bc2 Ra2 37. Kg3 Rxc2 38. Rxa3 Rc5 39. Ra4 Rg5+ 40.
Kf2 h5 41. h3 h4 42. f4 Rg3 43. f5 g5 44. Rg4 Rxg4 45. hxg4 Kg7 46. Kf3 Kf6 47.
g3 h3 48. Kf2 Ke5 49. Kg1 Ke4 50. Kh2 Kf3 51. Kxh3 f6 52. Kh2 Kxg4 53. Kg2 Kxf5
54. Kh3 Kg6 55. Kg4 f5+ 56. Kf3 Kh5 57. Kg2 g4 58. Kf2 Kg5 59. Ke3 f4+ 60. gxf4+
Kh4 61. Kf2 Kh3 62. f5 Kh2 63. Ke2 g3 64. f6 g2 65. f7 g1=Q 66. f8=Q Qg4+ 67.
Ke3 Qe6+ 68. Kf4 Qc4+ 69. Ke5 Qb5+ 70. Ke6 Qc6+ 71. Ke7 Qc5+ 72. Ke8 Qe5+ 73.
Kf7 1/2-1/2